Zborník vedeckých prác z "Medzinárodných vedeckých dní 98" sekcie: Profesná príprava manažérov. Kvantitatívny manažment a informatika

Podrobná bibliografia
Korporatívny autor: Medzinárodné vedecké dni (Nitra, Slovensko) (Autor)
Médium: Konferenčný príspevok Kniha
Jazyk:slovenčina
Fyzický popis:192 s. sch., tab. 21 cm
Vydavateľské údaje: V Nitre Slovenská poľnohospodárska univerzita 1998
ISBN:8071374822
Predmet:

MARC

LEADER 00000cam a2200000 a 4500
001 vtls001336077
003 SK-MaSNL
005 20260301200535.0
008 250414s1998 xo a fr 10000 slo
015 |a SNBA1998/11-03992 
020 |a 8071374822 
035 |a SNK000289059 
035 |a urn:nbn:sk:snk-amjr7t 
035 |a urn:nbn:sk:snk:ar-a0csy4 
035 |a aae9e427-51bc-4e1a-a353-48c13a9a3bf2 
040 |a SNK  |b slo  |c SNK  |e AACR2 
041 0 |a slo 
044 |a xo  |c SK 
080 |a 631.1(082)\  |2 1981 
080 |a 65.012.4(082)\  |2 1981 
080 |a 002:63(082)\  |2 1981 
111 2 |a Medzinárodné vedecké dni  |n (2. :  |d 1998 :  |c (Nitra, Slovensko)  |4 aut  |9 92154 
245 0 0 |a Zborník vedeckých prác z "Medzinárodných vedeckých dní 98"  |b sekcie: Profesná príprava manažérov. Kvantitatívny manažment a informatika 
260 |a V Nitre  |b Slovenská poľnohospodárska univerzita  |c 1998 
300 |a 192 s.  |b sch., tab.  |c 21 cm 
500 |a Čiast. text angl., poľ. a čes. 
500 |a 140 výt. 
504 |a Bibliogr. odkazy. Res. angl. 
650 0 7 |a poľnohospodárstvo  |x manažment  |x informatika  |x zborníky  |2 SNK  |9 579861 
650 0 7 |a manažéri  |x príprava  |x zborníky  |2 SNK  |9 579862 
650 0 7 |a informatika  |x poľnohospodárstvo  |x zborníky  |2 SNK  |9 579863 
655 7 |a zborníky konferencií  |2 SNKPH  |9 70153 
655 7 |a issue_zb  |2 SNK  |9 276493 
752 |d Nitra 
852 |a Slovenská národná knižnica 
919 |a 80-7137-482-2 
954 |a odborná, vedecká literatúra pôvodná (slovenská)  |2 lita 
954 |a odborná, vedecká literatúra cudzojazyčná (svetová)  |2 lita 
958 |a ART 
958 |a TL 
958 |a NB 
958 |a ZB 
958 |a OND 
958 |a EUIPO 
999 |c 890941  |d 892871 
952 |t P60, <03>, [BOOK], {603}  |a SNK  |b SNK  |y PREZ  |7 0  |p 17A0147851  |o snkSC 96271/[5]  |i snkKSP 7012/98  |0 0  |1 0  |4 0  |d 1998-07-07  |l 0  |r 2025-09-16 00:00:00  |w 2026-02-24 
952 |t P60, <04>, [BOOK], {604}  |a SNK  |b SNK  |y VYP  |7 0  |p 17A0147850  |o snkSC 96271/[5] D1  |i snkKSP 7013/98  |0 0  |1 0  |4 0  |d 1998-07-07  |l 0  |r 2005-01-02 00:00:00  |w 2026-02-24